Achieving managerial control

Bibliographic Details
Corporate Author: ProQuest (Firm)
Other Authors: Vinten, Gerald.
Format: Electronic eBook
Language:English
Published: [Bradford, England] : Emerald Group Pub., 2004.
Series:Managerial auditing journal ; v. 19, no. 4.
Subjects:
Online Access:Click to View
LEADER 01272nam a2200361Ia 4500
001 EBC289795
003 MiAaPQ
005 20200520144314.0
006 m o d |
007 cr cn|||||||||
008 041014s2004 enka gs 000 0 eng d
020 |z 9780861769520 
020 |z 086176952X 
035 |a (MiAaPQ)EBC289795 
035 |a (Au-PeEL)EBL289795 
035 |a (CaPaEBR)ebr10058648 
035 |a (CaONFJC)MIL51538 
035 |a (OCoLC)70755668 
040 |a MiAaPQ  |c MiAaPQ  |d MiAaPQ 
050 4 |a HF5667  |b .A23 2004 
082 0 4 |a 657  |2 22 
245 0 0 |a Achieving managerial control  |h [electronic resource] /  |c editor, Gerald Vinten. 
260 |a [Bradford, England] :  |b Emerald Group Pub.,  |c 2004. 
300 |a p. 480-570 :  |b ill. 
490 1 |a Managerial auditing journa; ;  |v v. 19, no. 4, 2004 
533 |a Electronic reproduction. Ann Arbor, MI : ProQuest, 2015. Available via World Wide Web. Access may be limited to ProQuest affiliated libraries. 
650 0 |a Auditing. 
650 0 |a Management. 
655 4 |a Electronic books. 
700 1 |a Vinten, Gerald. 
710 2 |a ProQuest (Firm) 
830 0 |a Managerial auditing journal ;  |v v. 19, no. 4. 
856 4 0 |u https://ebookcentral.proquest.com/lib/matrademy/detail.action?docID=289795  |z Click to View